Handbook of health administration and policy (Record no. 1296912)
[ view plain ]
| 000 -LEADER | |
|---|---|
| fixed length control field | 00559nam a2200193Ia 4500 |
| 005 - DATE AND TIME OF LATEST TRANSACTION | |
| control field | 20250326142839.0 |
| 008 - FIXED-LENGTH DATA ELEMENTS--GENERAL INFORMATION | |
| fixed length control field | 250326s9999 xx 000 0 und d |
| 020 ## - INTERNATIONAL STANDARD BOOK NUMBER | |
| International Standard Book Number | 0-8247-0221-2 |
| 037 ## - SOURCE OF ACQUISITION | |
| Stock number | Textbook |
| 040 ## - CATALOGING SOURCE | |
| Original cataloging agency | FMSL |
| Language of cataloging | eng |
| Transcribing agency | FMSL |
| 041 ## - LANGUAGE CODE | |
| Language code of text/sound track or separate title | eng |
| Source of code | eng |
| 084 ## - COLON CLASSIFICATION NUMBER | |
| Classification number | L:14g N9 (R) |
| Assigning agency | FMSL |
| 100 ## - MAIN ENTRY--PERSONAL NAME | |
| Personal name | Kilapatrick A O |
| 9 (RLIN) | 746720 |
| 245 #0 - TITLE STATEMENT | |
| Title | Handbook of health administration and policy |
| Statement of responsibility, etc. | Kilapatrick A O; Johnson J A |
| 260 ## - PUBLICATION, DISTRIBUTION, ETC. | |
| Place of publication, distribution, etc. | U |
| Name of publisher, distributor, etc. | U, S A Basel |
| Date of publication, distribution, etc. | 1999 |
| 300 ## - PHYSICAL DESCRIPTION | |
| Extent | 1124p |
| 942 ## - ADDED ENTRY ELEMENTS (KOHA) | |
| Koha item type | Textbook |
| Classification part | L:14g N9 (R) |
| Withdrawn status | Lost status | Damaged status | Not for loan | Home library | Current library | Date acquired | Total Checkouts | Full call number | Barcode | Date last seen | Price effective from | Koha item type |
|---|---|---|---|---|---|---|---|---|---|---|---|---|
| Faculty of Management Library | Faculty of Management Library | 2025-03-26 | L:14g N9 (R) | ML1142968 | 2025-03-26 | 2025-03-26 | Textbook |
